[Event "RUS-chT L1"]
[Site "Sochi RUS"]
[Date "2004.04.27"]
[Round "8.2"]
[White "Sorokin, Maxim"]
[Black "Kositsin, Sergei"]
[Result "1/2-1/2"]
[WhiteElo "2583"]
[BlackElo "2429"]
[EventDate "2004.04.20"]
[PlyCount "83"]

1.c4 e5 2.g3 Nc6 3.Nc3 g6 4.Bg2 Bg7 5.Rb1 f5 6.b4 Nf6 7.b5 Ne7 8.Qb3 d6 9.
d3 h6 10.Nf3 Be6 11.Nd2 Qc8 12.a4 O-O 13.a5 Rb8 14.f4 Kh7 15.O-O Nd7 16.
Qc2 Ng8 17.Kh1 Qd8 18.Nd5 Ngf6 19.a6 Bxd5 20.cxd5 exf4 21.Rxf4 bxa6 22.
bxa6 Nc5 23.Nb3 Nxa6 24.Ra4 Nc5 25.Nxc5 Rxb1 26.Qxb1 dxc5 27.Rxa7 Re8 28.
Qa2 Ng4 29.Bf4 Ne5 30.Qc2 Qb8 31.Ra6 Qb4 32.Bd2 Qb5 33.Re6 Rb8 34.Bf1 c4 
35.dxc4 Qb1 36.Qxb1 Rxb1 37.Kg2 Nxc4 38.Bf4 Nb6 39.d6 cxd6 40.Rxd6 g5 41.
Be3 Nc4 42.Rd3 1/2-1/2

[Event "RUS-chT L1"]
[Site "Sochi RUS"]
[Date "2004.04.27"]
[Round "8.3"]
[White "Semeniuk, Alexander"]
[Black "Volzhin, Alexander"]
[Result "1-0"]
[WhiteElo "2458"]
[BlackElo "2539"]
[EventDate "2004.04.20"]
[PlyCount "101"]

1.e4 c5 2.Nf3 d6 3.d4 cxd4 4.Nxd4 Nf6 5.Nc3 g6 6.Be3 Bg7 7.Be2 O-O 8.f4 
Nc6 9.Nb3 Be6 10.g4 Nd7 11.Qd2 Rc8 12.O-O-O Nb6 13.h4 Nb4 14.Kb1 Nc4 15.
Bxc4 Bxc4 16.h5 Bxb3 17.cxb3 Qd7 18.hxg6 fxg6 19.Qh2 h6 20.f5 Rxc3 21.bxc3
Qc6 22.Bd4 Qxe4+ 23.Kb2 e5 24.fxe6 Bxd4 25.Rxd4 Qe3 26.Rd2 Rf2 27.Rxf2 
Nd3+ 28.Kb1 Nxf2 29.Rc1 Ne4 30.Qc2 Kf8 31.Kb2 Ke7 32.Rd1 Kxe6 33.Rd3 Qf2 
34.Rd4 Qxc2+ 35.Kxc2 Ke5 36.Kd3 d5 37.c4 Nc5+ 38.Ke3 dxc4 39.Rxc4 b6 40.b4
Ne6 41.Rc8 h5 42.gxh5 gxh5 43.Rh8 Kd5 44.Rh6 b5 45.Rxh5+ Kc4 46.Rh4+ Kc3 
47.Ke4 Nd4 48.Kd5 Nc2 49.Kc5 a6 50.Rh3+ Kb2 51.Rh2 1-0

[Event "RUS-chT L1"]
[Site "Sochi RUS"]
[Date "2004.04.27"]
[Round "8.4"]
[White "Khismatullin, Denis"]
[Black "Berezhevsky, Evgeny"]
[Result "1-0"]
[WhiteElo "2537"]
[BlackElo "2369"]
[EventDate "2004.04.20"]
[PlyCount "65"]

1.d4 Nf6 2.c4 g6 3.Nf3 Bg7 4.g3 c6 5.Bg2 d5 6.b3 O-O 7.Bb2 b6 8.O-O Bb7 9.
Nbd2 Nbd7 10.Ne5 Rc8 11.Rc1 Rc7 12.e3 c5 13.f4 Re8 14.Qe2 dxc4 15.Bxb7 
Rxb7 16.bxc4 e6 17.Nd3 cxd4 18.exd4 Nb8 19.Ne5 Rc7 20.Qg2 Qd6 21.g4 Qb4 
22.Ndf3 Nbd7 23.Ng5 Nxe5 24.fxe5 Nxg4 25.Bc3 Qxc4 26.Bb2 Ne3 27.Rxc4 Nxc4 
28.Bc1 b5 29.Ne4 Rd8 30.Qf2 Nb6 31.Nf6+ Kh8 32.Qh4 h5 33.Nxh5 1-0

[Event "RUS-chT L1"]
[Site "Sochi RUS"]
[Date "2004.04.27"]
[Round "8.1"]
[White "Savchenko, Boris"]
[Black "Rodin, Dmitrij"]
[Result "1/2-1/2"]
[WhiteElo "2510"]
[BlackElo "2452"]
[EventDate "2004.04.20"]
[PlyCount "62"]

1.e4 c5 2.Nf3 e6 3.d4 cxd4 4.Nxd4 a6 5.Bd3 g6 6.c4 Bg7 7.Be3 Nf6 8.O-O d6 
9.Nc3 Nbd7 10.Nf3 O-O 11.Qd2 Qc7 12.Bh6 Rd8 13.Bxg7 Kxg7 14.Rac1 b6 15.
Rfd1 Bb7 16.b4 Ne5 17.Nxe5 dxe5 18.Qe3 Rd7 19.c5 Rd4 20.cxb6 Qxb6 21.a3 
Rad8 22.f3 Rxb4 23.Qxb6 Rxb6 24.Na4 Rb3 25.Nc5 Rxa3 26.Bf1 Rxd1 27.Rxd1 
Bc6 28.Nxa6 Nh5 29.Rd6 Rc3 30.Nb4 Be8 31.Rd8 Ba4 1/2-1/2

[Event "RUS-chT L1"]
[Site "Sochi RUS"]
[Date "2004.04.27"]
[Round "8.2"]
[White "Kostin, Alexei"]
[Black "Meshkov, Yury"]
[Result "1-0"]
[WhiteElo "2385"]
[BlackElo "2396"]
[EventDate "2004.04.20"]
[PlyCount "93"]

1.e4 c5 2.d4 cxd4 3.c3 d3 4.Bxd3 Nc6 5.Nf3 d6 6.O-O g6 7.c4 Bg4 8.Be2 Bxf3
9.Bxf3 Bg7 10.Nc3 Nf6 11.Be3 O-O 12.Rc1 Nd7 13.Qd2 Qa5 14.b3 Rfc8 15.Bg4 
e6 16.f4 Nf6 17.Bf3 Ne8 18.Rfd1 Rd8 19.Nb5 Qxd2 20.Rxd2 a6 21.Nc3 Rab8 22.
Bb6 Rdc8 23.Ne2 Bh6 24.Rcd1 f5 25.g3 fxe4 26.Bxe4 Bf8 27.Bg2 Nf6 28.Bh3 
Kf7 29.Nc3 Ra8 30.Re2 Re8 31.Rde1 e5 32.Nd5 exf4 33.Be6+ Kg7 34.gxf4 Nh5 
35.Rf1 Rab8 36.f5 Ne5 37.f6+ Kh8 38.Nc7 Red8 39.Ba7 Bh6 40.Bxb8 Rxb8 41.f7
Nf4 42.Re4 Nxe6 43.Nxe6 Nd7 44.Nc7 Ne5 45.c5 Rf8 46.cxd6 Nxf7 47.d7 1-0

[Event "RUS-chT L1"]
[Site "Sochi RUS"]
[Date "2004.04.27"]
[Round "8.4"]
[White "Lukyanenko, Alexander"]
[Black "Pogosian, Georgy"]
[Result "1/2-1/2"]
[WhiteElo "2410"]
[BlackElo "2240"]
[EventDate "2004.04.20"]
[PlyCount "70"]

1.e4 e6 2.d4 d5 3.Nd2 c5 4.Ngf3 cxd4 5.exd5 Qxd5 6.Bc4 Qd6 7.O-O Nc6 8.Nb3
Nf6 9.Nbxd4 Nxd4 10.Qxd4 Qxd4 11.Nxd4 a6 12.Bf4 Bd7 13.Rfd1 Rc8 14.Be2 Nd5
15.Bg3 Nb4 16.Rd2 Be7 17.Rad1 Bg5 18.f4 Bf6 19.Bf2 O-O 20.c3 Nd5 21.g3 
Rfd8 22.a3 Ba4 23.Re1 Ne7 24.Bd1 Bxd1 25.Rexd1 g6 26.Nb3 Rxd2 27.Rxd2 Nd5 
28.Nc5 Rc7 29.c4 Ne7 30.Ne4 Kg7 31.Nd6 Kf8 32.Ne4 Kg7 33.Nd6 Kf8 34.Ne4 
Kg7 35.Nd6 Kf8 1/2-1/2

[Event "RUS-chT L1"]
[Site "Sochi RUS"]
[Date "2004.04.27"]
[Round "8.1"]
[White "Zontakh, Andrei"]
[Black "Kutuzov, Denis"]
[Result "1-0"]
[WhiteElo "2520"]
[BlackElo "2277"]
[EventDate "2004.04.20"]
[PlyCount "63"]

1.e4 e6 2.d4 d5 3.Nc3 Nf6 4.Bg5 dxe4 5.Nxe4 Nbd7 6.Nf3 h6 7.Nxf6+ Nxf6 8.
Bh4 c5 9.Ne5 Qa5+ 10.c3 cxd4 11.Qxd4 Bc5 12.Qf4 Bd6 13.Bg3 O-O 14.Be2 Bxe5
15.Qxe5 Qxe5 16.Bxe5 Bd7 17.Bf3 Bc6 18.Bxc6 bxc6 19.Bxf6 gxf6 20.O-O-O 
Rfd8 21.Rxd8+ Rxd8 22.Rd1 Rd5 23.Rxd5 cxd5 24.c4 d4 25.g4 e5 26.b4 e4 27.
b5 Kf8 28.c5 Ke7 29.b6 axb6 30.cxb6 Kd6 31.a4 Kc6 32.a5 1-0

[Event "RUS-chT L1"]
[Site "Sochi RUS"]
[Date "2004.04.27"]
[Round "8.2"]
[White "Roppel, Konstantin"]
[Black "Gladyshev, Oleg"]
[Result "1/2-1/2"]
[WhiteElo "2303"]
[BlackElo "2443"]
[EventDate "2004.04.20"]
[PlyCount "36"]

1.d4 g6 2.Nf3 Bg7 3.Bf4 d6 4.e3 Nd7 5.Bc4 e6 6.O-O Ngf6 7.h3 O-O 8.Re1 Qe7
9.Nc3 e5 10.Bh2 c6 11.a4 a5 12.Kh1 h5 13.Qd2 e4 14.Ng1 Nh7 15.f3 Nb6 16.
Bb3 exf3 17.Nxf3 Be6 18.e4 Bxb3 1/2-1/2

[Event "RUS-chT L1"]
[Site "Sochi RUS"]
[Date "2004.04.27"]
[Round "8.3"]
[White "Chebotarev, Oleg"]
[Black "Cherniaev, Alexander"]
[Result "1-0"]
[WhiteElo "2442"]
[BlackElo "2270"]
[EventDate "2004.04.20"]
[PlyCount "83"]

1.e4 c5 2.Nf3 e6 3.d3 d5 4.Nbd2 Nc6 5.g3 g6 6.Bg2 Bg7 7.O-O Nge7 8.Qe2 O-O
9.Re1 b5 10.e5 b4 11.Nf1 a5 12.h4 Ba6 13.Bf4 c4 14.Qd2 cxd3 15.cxd3 b3 16.
a3 a4 17.Bg5 Qb6 18.g4 Ra7 19.d4 Rc7 20.Qf4 Bd3 21.h5 Ra8 22.Bh6 Qb8 23.
Bxg7 Kxg7 24.Re3 Bc2 25.Ng5 Qf8 26.Rf3 Nd8 27.hxg6 Bxg6 28.Ne3 Kg8 29.Rh3 
Rac8 30.Kh2 Rc2 31.Nxc2 Rxc2 32.Rh1 Rxb2 33.Kg3 Qg7 34.Nxh7 Bxh7 35.Rxh7 
Qxh7 36.Qg5+ Qg7 37.Qxe7 Qf8 38.Qg5+ Qg7 39.Qxd8+ Qf8 40.Rh8+ Kxh8 41.
Qxf8+ Kh7 42.Qxf7+ 1-0

[Event "RUS-chT L1"]
[Site "Sochi RUS"]
[Date "2004.04.27"]
[Round "8.4"]
[White "Zhukov, Vladimir"]
[Black "Zimmerman, Yury"]
[Result "1/2-1/2"]
[WhiteElo "2281"]
[BlackElo "2355"]
[EventDate "2004.04.20"]
[PlyCount "233"]

1.e4 d6 2.d4 Nf6 3.Nc3 g6 4.f3 c6 5.Be3 Qb6 6.Rb1 Bg7 7.Qd2 Nbd7 8.Nh3 Qc7
9.Bh6 O-O 10.Bxg7 Kxg7 11.Nf2 e5 12.Be2 Qb6 13.dxe5 dxe5 14.Qd6 Qc5 15.
Qxc5 Nxc5 16.Nd3 Nxd3+ 17.Bxd3 Be6 18.a4 a5 19.Kf2 Nd7 20.g4 f6 21.b3 Nc5 
22.Ke3 Rfd8 23.Rhd1 Kf7 24.Be2 Ke7 25.Rxd8 Rxd8 26.Rd1 Rh8 27.Rg1 Bf7 28.
f4 Ne6 29.fxe5 fxe5 30.Bc4 Nd4 31.Bxf7 Kxf7 32.Rf1+ Ke6 33.Rf2 g5 34.Kd2 
h5 35.gxh5 Rxh5 36.Ne2 Nxe2 37.Rxe2 Rh4 38.Kc3 Rh3+ 39.Kc4 b6 40.c3 Rf3 
41.Rg2 Re3 42.Rg4 Kf6 43.b4 axb4 44.cxb4 Ra3 45.h4 gxh4 46.Rxh4 Kg5 47.Rh8
Rxa4 48.Kb3 Ra1 49.Rf8 Kg4 50.Rf5 Rc1 51.Rxe5 Kf4 52.Re8 b5 53.Rh8 Ke5 54.
Re8+ Kd4 55.Rd8+ Kxe4 56.Re8+ Kd5 57.Rd8+ Ke6 58.Re8+ Kd7 59.Rh8 Re1 60.
Rh3 Re4 61.Rd3+ Ke6 62.Rc3 Kd5 63.Rd3+ Rd4 64.Rh3 Re4 65.Rd3+ Rd4 66.Rh3 
Rf4 67.Rd3+ Ke5 68.Rc3 Rf6 69.Rd3 Ke4 70.Rd8 Rf3+ 71.Kc2 Ke5 72.Rd7 Ke6 
73.Rd8 Rg3 74.Kb2 Ke7 75.Rd4 Rg5 76.Kc3 Rd5 77.Rh4 Kd6 78.Rh6+ Kc7 79.Rh7+
Rd7 80.Rh3 Re7 81.Rg3 Re1 82.Kb3 Kd6 83.Rd3+ Ke5 84.Rd8 Re3+ 85.Kc2 Re4 
86.Kb3 Rd4 87.Re8+ Kd5 88.Kc3 Rc4+ 89.Kb3 Rf4 90.Rd8+ Ke5 91.Re8+ Kd4 92.
Rd8+ Ke3 93.Rd6 Rc4 94.Re6+ Kd4 95.Rd6+ Ke4 96.Rd8 Rd4 97.Re8+ Kd3 98.Re6 
Rc4 99.Rd6+ Ke4 100.Rd8 Ke5 101.Re8+ Kd6 102.Rd8+ Kc7 103.Rd3 c5 104.bxc5 
Kc6 105.Rh3 Kxc5 106.Rg3 Rh4 107.Rg5+ Kb6 108.Rg6+ Ka5 109.Rg3 Rh1 110.Rf3
Rb1+ 111.Ka2 Rb4 112.Rh3 Rg4 113.Kb3 Rg5 114.Rf3 Rc5 115.Rh3 b4 116.Rh8 
Rc3+ 117.Kb2 1/2-1/2

[Event "RUS-chT L1"]
[Site "Sochi RUS"]
[Date "2004.04.27"]
[Round "8.2"]
[White "Chuprov, Dmitry"]
[Black "Abashev, Denis"]
[Result "1/2-1/2"]
[WhiteElo "2549"]
[BlackElo "2412"]
[EventDate "2004.04.20"]
[PlyCount "31"]

1.e4 c5 2.Nf3 Nc6 3.Bb5 g6 4.O-O Bg7 5.c3 Nf6 6.Qa4 Qb6 7.Re1 O-O 8.e5 Nd5
9.Na3 d6 10.exd6 exd6 11.d3 a6 12.Bxc6 bxc6 13.Qh4 Bf5 14.Ng5 Nf6 15.Ne4 
Nxe4 16.dxe4 1/2-1/2

[Event "RUS-chT L1"]
[Site "Sochi RUS"]
[Date "2004.04.27"]
[Round "8.3"]
[White "Andreev, Afrikan"]
[Black "Kabanov, Nikolai"]
[Result "1-0"]
[WhiteElo "2390"]
[BlackElo "2519"]
[EventDate "2004.04.20"]
[PlyCount "169"]

1.d4 d6 2.Nf3 Bg4 3.c4 Nd7 4.Qb3 Rb8 5.h3 Bh5 6.Bf4 Ngf6 7.Nbd2 c6 8.g4 
Bg6 9.Bg2 Qa5 10.O-O e5 11.Qe3 Rd8 12.dxe5 dxe5 13.Nb3 Qb6 14.Qxb6 axb6 
15.Nxe5 Be7 16.Nxg6 hxg6 17.Rfd1 Nh7 18.Rd3 Ng5 19.Rad1 Ne6 20.Bh2 Bf6 21.
R1d2 g5 22.e3 Ne5 23.Rxd8+ Nxd8 24.Rc2 Nd3 25.Bc7 Nxb2 26.Bxb6 Na4 27.Bd4 
Kd7 28.c5 Ne6 29.Bxf6 gxf6 30.Kh2 Kc7 31.Kg3 Rd8 32.Be4 Re8 33.Bf3 Rd8 34.
Be4 Re8 35.Bf3 Rd8 36.h4 gxh4+ 37.Kxh4 Rd3 38.Rc4 Nb2 39.Rb4 Nd1 40.Be2 
Rd8 41.Nd4 Nc3 42.Nxe6+ fxe6 43.Bf3 e5 44.Rb2 Rh8+ 45.Kg3 Ra8 46.Rc2 Nxa2 
47.Rc4 Kd7 48.g5 fxg5 49.Kg4 Ke6 50.Kxg5 Ra3 51.Rh4 Rc3 52.Rh7 Rxc5 53.
Bg4+ Kd5 54.Rxb7 Ke4 55.Rb2 Nc3 56.Bf5+ Kf3 57.Bg4+ Kg2 58.Kh4 Ne4 59.Bh3+
Kg1 60.f3 Nf6 61.Kg3 Nh5+ 62.Kh4 e4 63.fxe4 Nf6 64.Bf5 Kf1 65.Kg3 Ke1 66.
Kf4 Nh5+ 67.Kg4 Nf6+ 68.Kf4 Rc3 69.Ke5 Nh5 70.Kd4 Rc1 71.Bg4 c5+ 72.Ke5 
Ng3 73.Rg2 Nh1 74.Rg1+ Kd2 75.Rxc1 Kxc1 76.Kd5 Nf2 77.Bf5 Nd1 78.Kxc5 Nxe3
79.Bh3 Nd1 80.e5 Nc3 81.Bf5 Na4+ 82.Kc6 Nc3 83.e6 Ne2 84.e7 Nd4+ 85.Kd7 
1-0

[Event "RUS-chT L1"]
[Site "Sochi RUS"]
[Date "2004.04.27"]
[Round "8.4"]
[White "Demakov, Petr"]
[Black "Dashibalov, Erdem"]
[Result "1/2-1/2"]
[WhiteElo "2223"]
[BlackElo "2324"]
[EventDate "2004.04.20"]
[PlyCount "51"]

1.e4 e5 2.Nf3 Nc6 3.Nc3 Nf6 4.Bb5 Nd4 5.O-O c6 6.Bd3 Nxf3+ 7.Qxf3 d6 8.a4 
g6 9.Bc4 Bg7 10.d3 Bg4 11.Qg3 Qd7 12.h3 Be6 13.Bg5 Nh5 14.Qf3 O-O 15.Ne2 
d5 16.exd5 cxd5 17.Bb5 Qd6 18.a5 f5 19.c4 Nf6 20.Bxf6 Bxf6 21.cxd5 Bxd5 
22.Qxd5+ Qxd5 23.Bc4 Rad8 24.Nc3 Qxc4 25.dxc4 Rd2 26.Nd5 1/2-1/2

[Event "RUS-chT L1"]
[Site "Sochi RUS"]
[Date "2004.04.28"]
[Round "9.2"]
[White "Kositsin, Sergei"]
[Black "Diachkov, Sergei"]
[Result "1/2-1/2"]
[WhiteElo "2429"]
[BlackElo "2549"]
[EventDate "2004.04.20"]
[PlyCount "65"]

1.c4 g6 2.g3 Bg7 3.Bg2 Nf6 4.Nc3 O-O 5.d3 c6 6.Nf3 d5 7.cxd5 cxd5 8.O-O 
Nc6 9.Bg5 d4 10.Bxf6 exf6 11.Na4 Re8 12.Re1 Bf8 13.Rc1 Bb4 14.Rf1 Bd7 15.
a3 Bf8 16.Nc5 Bxc5 17.Rxc5 Qb6 18.Rc2 Ne5 19.Qd2 Ba4 20.Rcc1 Nc6 21.b4 Re7
22.Rfe1 Rae8 23.Bf1 Ne5 24.Nxe5 fxe5 25.Bg2 f5 26.Rc5 Qd6 27.Rec1 b6 28.
Rc8 Kg7 29.Qa2 Bd7 30.Rxe8 Rxe8 31.Qd5 Qxd5 32.Bxd5 Rc8 33.Rxc8 1/2-1/2

[Event "RUS-chT L1"]
[Site "Sochi RUS"]
[Date "2004.04.28"]
[Round "9.4"]
[White "Berezhevsky, Evgeny"]
[Black "Evdokimov, Alexander"]
[Result "1/2-1/2"]
[WhiteElo "2369"]
[BlackElo "2495"]
[EventDate "2004.04.20"]
[PlyCount "97"]

1.d4 Nf6 2.c4 c5 3.d5 g6 4.Nc3 Bg7 5.e4 O-O 6.Nf3 d6 7.h3 e6 8.Bd3 exd5 9.
exd5 Re8+ 10.Be3 Bh6 11.O-O Bxe3 12.fxe3 Nbd7 13.Qd2 Rf8 14.e4 Ne8 15.Qh6 
Qf6 16.Rf2 Ne5 17.Nxe5 Qxe5 18.Raf1 Bd7 19.Qf4 f6 20.Kh2 Qe7 21.g4 Ng7 22.
Qg3 g5 23.a3 h5 24.Kg2 Rac8 25.Be2 h4 26.Qd3 Qe5 27.Bd1 a6 28.a4 a5 29.Bc2
Be8 30.Rf3 Bg6 31.R1f2 Ne8 32.Nd1 Nc7 33.Kf1 Na6 34.Qc3 Kg7 35.Qxe5 fxe5 
36.Rxf8 Rxf8 37.Rxf8 Kxf8 38.Ne3 Ke7 39.Kf2 Nb8 40.b3 Nd7 41.Kf3 Nf8 42.
Nd1 Be8 43.Nf2 Ng6 44.Bd1 Nf4 45.Bc2 Kd8 46.Bd1 Kc7 47.Ke3 Bd7 48.Kd2 Kd8 
49.Ke3 1/2-1/2

[Event "RUS-chT L1"]
[Site "Sochi RUS"]
[Date "2004.04.28"]
[Round "9.1"]
[White "Kutuzov, Denis"]
[Black "Burmakin, Vladimir"]
[Result "1-0"]
[WhiteElo "2277"]
[BlackElo "2571"]
[EventDate "2004.04.20"]
[PlyCount "87"]

1.b4 e6 2.Bb2 Nf6 3.a3 d5 4.e3 Bd6 5.Nf3 Nbd7 6.c4 c6 7.Be2 e5 8.cxd5 cxd5
9.O-O O-O 10.Nc3 a6 11.Qb3 Nb6 12.Na4 Nc4 13.Bc3 b5 14.Nc5 e4 15.Nd4 Qc7 
16.h3 Re8 17.a4 Bxc5 18.bxc5 bxa4 19.Rxa4 Nd7 20.Bb4 Rb8 21.Qc3 Nde5 22.f4
exf3 23.Nxf3 Nxf3+ 24.Bxf3 Bb7 25.Qd4 Rbd8 26.Bc3 f6 27.Rb1 Ne5 28.Bh5 Nc6
29.Ba5 Qe7 30.Bxd8 Rxd8 31.Qb2 Bc8 32.Qb6 Ne5 33.c6 Nc4 34.Qd4 Qc7 35.Rc1 
Rd6 36.Bf3 Kf8 37.Qc5 Nxd2 38.Bxd5 Qe7 39.Kh1 f5 40.Rd4 Ne4 41.Bxe4 Rxd4 
42.Qxd4 fxe4 43.Rf1+ Ke8 44.Rf4 1-0

[Event "RUS-chT L1"]
[Site "Sochi RUS"]
[Date "2004.04.28"]
[Round "9.2"]
[White "Yevseev, Denis"]
[Black "Roppel, Konstantin"]
[Result "1/2-1/2"]
[WhiteElo "2580"]
[BlackElo "2303"]
[EventDate "2004.04.20"]
[PlyCount "85"]

1.d4 g6 2.e4 c6 3.Nc3 d5 4.h3 Bg7 5.Nf3 Nh6 6.Be2 O-O 7.O-O f6 8.Re1 Nf7 
9.Bf1 Re8 10.b3 b6 11.exd5 cxd5 12.a4 a6 13.Ne2 e5 14.dxe5 fxe5 15.Bb2 Bb7
16.Nc3 Ra7 17.Qd2 Ba8 18.Rad1 Rd7 19.Na2 d4 20.Nh2 Bh6 21.Qe2 e4 22.Qg4 
Bg7 23.Rd2 Nh6 24.Bc4+ Kh8 25.Qd1 Nf5 26.Nf1 Bb7 27.Rde2 Rde7 28.Ba3 Re5 
29.Bf7 Nh4 30.Bxe8 Qg5 31.Ng3 Rxe8 32.Bb2 e3 33.Bxd4 Nxg2 34.Bxg7+ Kxg7 
35.Rxe3 Nxe3 36.Qd4+ Kh6 37.h4 Qd8 38.Qxd8 Rxd8 39.Rxe3 Rd1+ 40.Kh2 Nc6 
41.Nc3 Rc1 42.Nce4 Ne5 43.Rc3 1/2-1/2

[Event "RUS-chT L1"]
[Site "Sochi RUS"]
[Date "2004.04.28"]
[Round "9.4"]
[White "Kiriakov, Petr"]
[Black "Zhukov, Vladimir"]
[Result "1-0"]
[WhiteElo "2568"]
[BlackElo "2281"]
[EventDate "2004.04.20"]
[PlyCount "95"]

1.d4 Nf6 2.c4 e6 3.Nc3 Bb4 4.Qc2 c5 5.dxc5 Na6 6.a3 Bxc3+ 7.Qxc3 Nxc5 8.b4
Nce4 9.Qd4 d5 10.cxd5 Qxd5 11.Bb2 Qb3 12.f3 Nd6 13.e4 O-O 14.Be2 e5 15.
Qxe5 Be6 16.Qc3 Qa4 17.Nh3 Rac8 18.Qe3 Nc4 19.Bxc4 Bxc4 20.Bxf6 gxf6 21.
Nf4 Rfd8 22.Kf2 Qc2+ 23.Kg3 Qd2 24.Qxd2 Rxd2 25.Rhd1 Rcd8 26.Rxd2 Rxd2 27.
Nh5 Rd6 28.Rc1 b5 29.Kf4 Kf8 30.a4 Ke7 31.axb5 Bxb5 32.Ng7 Rc6 33.Nf5+ Kd7
34.Rd1+ Kc7 35.Ne3 Bc4 36.Rc1 Be6 37.Rd1 Rb6 38.Rd4 Rb5 39.h4 Rh5 40.g3 
Rb5 41.g4 Bb3 42.h5 a6 43.Nf5 Ba2 44.Ng7 Rb6 45.Kf5 Be6+ 46.Kxf6 Bxg4+ 47.
Kxf7 Bxf3 48.e5 1-0

[Event "RUS-chT L1"]
[Site "Sochi RUS"]
[Date "2004.04.28"]
[Round "9.2"]
[White "Savchenko, Boris"]
[Black "Sorokin, Maxim"]
[Result "0-1"]
[WhiteElo "2510"]
[BlackElo "2583"]
[EventDate "2004.04.20"]
[PlyCount "52"]

1.e4 e5 2.Nf3 Nc6 3.d4 exd4 4.Nxd4 Bb4+ 5.c3 Bc5 6.Be3 Bb6 7.Nf5 Bxe3 8.
Nxe3 Nge7 9.c4 O-O 10.Nc3 d6 11.Bd3 Nd4 12.O-O c5 13.Qh5 g6 14.Qh6 Kh8 15.
Rae1 a6 16.Ncd5 Ng8 17.Qf4 Be6 18.e5 dxe5 19.Qxe5+ f6 20.Qg3 b5 21.Nc7 Ra7
22.Nxe6 Nxe6 23.Nd5 Nd4 24.Nf4 Re8 25.Nxg6+ hxg6 26.Qxg6 Nf3+ 0-1

[Event "RUS-chT L1"]
[Site "Sochi RUS"]
[Date "2004.04.28"]
[Round "9.3"]
[White "Volzhin, Alexander"]
[Black "Chadaev, Nikolay"]
[Result "1/2-1/2"]
[WhiteElo "2539"]
[BlackElo "2370"]
[EventDate "2004.04.20"]
[PlyCount "87"]

1.d4 g6 2.c4 Bg7 3.e4 c5 4.Nf3 d6 5.d5 Nf6 6.Nc3 O-O 7.h3 e6 8.Bd3 exd5 9.
cxd5 b5 10.Bxb5 Nxe4 11.Nxe4 Qa5+ 12.Nfd2 Qxb5 13.Nxd6 Qa6 14.N2c4 Nd7 15.
O-O Nb6 16.Nxb6 Qxb6 17.Nxc8 Raxc8 18.Rb1 Qd6 19.Bg5 h6 20.Bh4 f5 21.f3 
Bd4+ 22.Bf2 Qxd5 23.Bxd4 cxd4 24.Qd2 Kg7 25.Rbd1 Rcd8 26.b3 d3 27.Rfe1 Rf7
28.Re3 Rfd7 29.Qc3+ Kh7 30.Rexd3 Qxd3 31.Rxd3 Rxd3 32.Qf6 R8d7 33.Kh2 R3d6
34.Qf8 Rd2 35.a4 Rb7 36.b4 Rd4 37.a5 a6 38.Qa8 Rdxb4 39.Qxa6 Rf7 40.Qc6 
Rbb7 41.a6 Ra7 42.Qb6 Ra8 43.h4 h5 44.Kg3 1/2-1/2

[Event "RUS-chT L1"]
[Site "Sochi RUS"]
[Date "2004.04.28"]
[Round "9.1"]
[White "Rodin, Dmitrij"]
[Black "Zontakh, Andrei"]
[Result "1/2-1/2"]
[WhiteElo "2452"]
[BlackElo "2520"]
[EventDate "2004.04.20"]
[PlyCount "78"]

1.e4 c5 2.Nf3 Nc6 3.d4 cxd4 4.Nxd4 Nf6 5.Nc3 e5 6.Ndb5 h6 7.Nd6+ Bxd6 8.
Qxd6 Qe7 9.Qxe7+ Kxe7 10.b3 d6 11.Ba3 a6 12.O-O-O Rd8 13.Bc4 Be6 14.Nd5+ 
Bxd5 15.Bxd5 Nxd5 16.Rxd5 b5 17.Rhd1 b4 18.Bb2 g6 19.g3 f5 20.exf5 gxf5 
21.c4 bxc3 22.Ba3 a5 23.Rxd6 Nb4 24.Rxd8 Rxd8 25.Rxd8 Kxd8 26.Kb1 h5 27.
Bc1 Kc7 28.a3 c2+ 29.Kb2 Nd3+ 30.Kxc2 Nxf2 31.Bd2 a4 32.bxa4 Ng4 33.h4 Nf2
34.Bc3 Ng4 35.Kd3 f4 36.gxf4 exf4 37.Ke4 Ne3 38.Be5+ Kb7 39.Kxf4 Ng2+ 
1/2-1/2

[Event "RUS-chT L1"]
[Site "Sochi RUS"]
[Date "2004.04.28"]
[Round "9.2"]
[White "Gladyshev, Oleg"]
[Black "Kostin, Alexei"]
[Result "1/2-1/2"]
[WhiteElo "2443"]
[BlackElo "2385"]
[EventDate "2004.04.20"]
[PlyCount "72"]

1.d4 Nf6 2.c4 c5 3.d5 b5 4.cxb5 a6 5.bxa6 g6 6.Nc3 Bxa6 7.Nf3 Bg7 8.g3 d6 
9.Bg2 Nbd7 10.Rb1 Qa5 11.Bd2 Nb6 12.b3 Bb7 13.O-O O-O 14.a4 Rad8 15.Qc2 
Qa8 16.e4 Ng4 17.h3 Ne5 18.Nxe5 Bxe5 19.Nb5 Rc8 20.Bc3 c4 21.a5 cxb3 22.
Qxb3 Nc4 23.Nxd6 exd6 24.Bxe5 dxe5 25.Qxb7 Nd2 26.Qxa8 Rxa8 27.Ra1 Nxf1 
28.Bxf1 f5 29.a6 Rf6 30.f4 fxe4 31.fxe5 Rf5 32.Bb5 Rxe5 33.Bc6 Ra7 34.Kf2 
e3+ 35.Ke2 Kf7 36.Bb7 Re7 1/2-1/2

[Event "RUS-chT L1"]
[Site "Sochi RUS"]
[Date "2004.04.28"]
[Round "9.3"]
[White "Sergienko, Sergei"]
[Black "Zimmerman, Yury"]
[Result "1/2-1/2"]
[WhiteElo "2404"]
[BlackElo "2355"]
[EventDate "2004.04.20"]
[PlyCount "53"]

1.d4 Nf6 2.c4 g6 3.Nc3 Bg7 4.e4 d6 5.h3 O-O 6.Bg5 Qe8 7.Bd3 e5 8.d5 Nh5 9.
Nge2 f5 10.exf5 gxf5 11.Qd2 e4 12.Bc2 Nd7 13.Nb5 Qg6 14.Nxc7 Rb8 15.Ne6 
Re8 16.Nxg7 Qxg7 17.Be3 Ne5 18.Bd4 Nf6 19.O-O-O b5 20.cxb5 Bd7 21.Nc3 Bxb5
22.Nxb5 Rxb5 23.f4 exf3 24.gxf3 Nxf3 25.Qf2 Nxd4 26.Rxd4 Kh8 27.Qxf5 
1/2-1/2

[Event "RUS-chT L1"]
[Site "Sochi RUS"]
[Date "2004.04.28"]
[Round "9.4"]
[White "Slugin, Sergei"]
[Black "Lukyanenko, Alexander"]
[Result "1/2-1/2"]
[WhiteElo "2348"]
[BlackElo "2410"]
[EventDate "2004.04.20"]
[PlyCount "66"]

1.d4 Nf6 2.c4 e6 3.Nc3 Bb4 4.e3 O-O 5.Ne2 d5 6.a3 Be7 7.Nf4 c6 8.Bd3 dxc4 
9.Bxc4 Nbd7 10.Nd3 c5 11.dxc5 Nxc5 12.Nxc5 Qxd1+ 13.Kxd1 Bxc5 14.b4 Be7 
15.Bb2 b6 16.Ke2 Bb7 17.f3 Rac8 18.Bd3 Nd7 19.Ne4 f5 20.Nd2 Kf7 21.e4 Bf6 
22.Bxf6 Kxf6 23.f4 e5 24.Rhf1 fxe4 25.Nxe4+ Ke7 26.fxe5 Rxf1 27.Rxf1 Nxe5 
28.Rf5 Nxd3 29.Kxd3 Ke6 30.Rg5 g6 31.Rg3 Ke5 32.Ng5 Ba6+ 33.Kd2 Rd8+ 
1/2-1/2

[Event "RUS-chT L1"]
[Site "Sochi RUS"]
[Date "2004.04.28"]
[Round "9.1"]
[White "Turov, Maxim"]
[Black "Askarov, Marat"]
[Result "0-1"]
[WhiteElo "2528"]
[BlackElo "2404"]
[EventDate "2004.04.20"]
[PlyCount "82"]

1.c4 c5 2.Nf3 g6 3.Nc3 Bg7 4.e3 Nf6 5.d4 cxd4 6.Nxd4 Nc6 7.Be2 Nxd4 8.exd4
d5 9.Qa4+ Bd7 10.Qb3 Bc6 11.Bg5 dxc4 12.Bxc4 Qxd4 13.Bxf7+ Kf8 14.Be3 Qe5 
15.Kf1 Ng4 16.Re1 Rd8 17.Bc4 Qf5 18.Bxa7 Bd4 19.Bxd4 Rxd4 20.Re2 Qg5 21.f3
Ne3+ 22.Rxe3 Qxe3 23.Ne2 Qxb3 24.Bxb3 Rd2 25.Nc3 Rxb2 26.h4 Kg7 27.h5 Rc8 
28.Nd1 Bb5+ 29.Kg1 Rc1 30.Kh2 Rd2 31.hxg6 hxg6 32.Ne3 Rxh1+ 33.Kxh1 Be8 
34.Nc4 Re2 35.Na5 b5 36.Kh2 Bf7 37.Nc6 Bxb3 38.axb3 Rb2 39.b4 Kf6 40.Kh3 
e5 41.g3 Ke6 0-1

[Event "RUS-chT L1"]
[Site "Sochi RUS"]
[Date "2004.04.28"]
[Round "9.2"]
[White "Ayupov, Damir"]
[Black "Kryakvin, Dmitry"]
[Result "0-1"]
[WhiteElo "2325"]
[BlackElo "2471"]
[EventDate "2004.04.20"]
[PlyCount "84"]

1.d4 e6 2.c4 Nf6 3.Nc3 Bb4 4.Qc2 c5 5.dxc5 Bxc5 6.Nf3 Qb6 7.e3 Qc7 8.Be2 
Nc6 9.a3 Be7 10.O-O O-O 11.b3 a6 12.Bb2 d6 13.Rfd1 Qb8 14.Rac1 b6 15.b4 
Bb7 16.Nd4 Re8 17.Na4 Bd8 18.Nc3 Ne5 19.h3 Bc7 20.Bf1 Ng6 21.Nb3 Qa7 22.
Bd3 Rac8 23.Bf1 Ne5 24.Qb1 Qa8 25.Nd2 Ng6 26.e4 h5 27.Re1 Ne5 28.h4 Qb8 
29.Nd1 d5 30.exd5 exd5 31.Ne3 Neg4 32.Nxg4 Nxg4 33.Be2 Bh2+ 34.Kf1 Qf4 35.
Bxg4 hxg4 36.Rxe8+ Rxe8 37.Qd3 g3 38.f3 Re3 39.Qd4 Qxd4 40.Bxd4 Rd3 41.
Bxb6 Rxd2 42.cxd5 Bxd5 0-1

[Event "RUS-chT L1"]
[Site "Sochi RUS"]
[Date "2004.04.28"]
[Round "9.3"]
[White "Vyetik, Viacheslav"]
[Black "Lianguzov, Oleg"]
[Result "0-1"]
[WhiteElo "2436"]
[BlackElo "2303"]
[EventDate "2004.04.20"]
[PlyCount "66"]

1.e4 c5 2.Nf3 d6 3.d4 cxd4 4.Nxd4 Nf6 5.Nc3 Nc6 6.Bg5 e6 7.Qd2 Be7 8.O-O-O
Nxd4 9.Qxd4 a6 10.f3 b5 11.h4 Bb7 12.Kb1 Qa5 13.Qd2 h6 14.Be3 b4 15.Ne2 e5
16.Ng3 d5 17.Nf5 Bf8 18.Qf2 g6 19.Ng3 Rc8 20.Bd3 dxe4 21.fxe4 Ng4 22.Qe2 
Nxe3 23.Qxe3 h5 24.Rhf1 Rc7 25.Qf3 Rh7 26.Ne2 Bc8 27.Qg3 Bh6 28.Rf6 Ke7 
29.Rdf1 Be6 30.b3 Bd2 31.Qf3 Bc3 32.Qe3 Rc5 33.Qg3 Qxa2+ 0-1